000 00721nam a22002537a 4500
999 _c426231
_d426231
001 46128
003 UA-OsUOA
005 20200115182428.0
007 ta
008 20120202b un ||||| |||| 00| 0 ukr d
040 _aUA-OsUOA
_bukr
_cUA-OsUOA
_dUA-OsUOA
041 _aukr
080 _a09.82-3
090 _a09.82-3
_bК31
100 _aКащенко А.
245 _aЗ Дніпра на Дунай
260 _bУніверсальна бібліотека
_c1948
300 _a115 с.
650 7 _a0 Загальний відділ.
_2UDC
942 _cBK
_2udc
955 _a3